Decades by Picture - 2010s - Statistics

General Stats
  • This quiz has been taken 389 times
    290 since last reset
  • The average score is 12 of 14
Answer Stats
Picture Hint Answer % Correct
president Donald Trump
100%
founder Elon Musk
96%
social media Instagram
96%
president Vladimir Putin
95%
crptocurrency Bitcoin
94%
leader Kim Jong-un
93%
toy Fidget Spinner
88%
internet culture Meme
84%
technology Virtual Reality
84%
pope Pope Francis
82%
technology AirPods
79%
console Nintendo Switch
79%
activist Malala Yousafzai
57%
president Xi Jinping
55%
No matching quizzes found
Score Distribution
Percent of People with Each Score
Percentile by Number Answered
Your Score History
You have not taken this quiz since the last reset